000 00735cab a22001935a 4500
001 L148056
008 090717e20090710xxko f 000 0 eng d
035 _a(Sirsi) u148056
041 0 _aeng
100 1 _aShepherd, Mark
245 0 0 _aSpecial report
_bhealthcare
260 _c2009
490 0 _aProperty Week
_v75(28) 10 July 2009, 71-75(4)
520 _aMost hospital developments will be seriously affected by the proposed huge cuts in NHS funding from 2011. Developer, The Medicx Group, believes continuing demand for polyclinics will protect its £50m development pipeline from spending cuts.
590 _aKA
651 4 _aEngland
_y886-
690 _aPROPERTY-COMMERCIAL PROPERTY-COMMERCIAL PROPERTY MARKET
942 _n0
999 _c81709
_d81709